000 00611nam a2200169 a 4500
001 000017506
005 20200929165133.0
008 100326s19uu dr a 000 0 spa d
040 _aDO-SdBNP
_bspa
_cBNPHU
082 _axxx
_bF954a
100 1 _aFuenmayor, Alejandro
_938230
245 1 0 _aAritmética elemental intuitiva :
_bpara uso de los niños que estudian el primer grado de las escuelas primarias elementales /
_cAlejandro fuenmayor.
260 _aNew York. :
_bD. C. Heath y Compañía Editores,
_c[19--?].
300 _a122 p. :
_bil. ;
_c19 cm.
500 _aIncluye índice de materias
049 _aBNPD
999 _c17031
_d17031